[Event "National Chess Cong."]
[Site "Philadelphia"]
[Date "2010.11.26"]
[Round "1"]
[White "Kats, Alena"]
[Black "Lapshun, Yury"]
[Result "1/2-1/2"]
[WhiteElo "2200"]
[BlackElo "2544"]
[PlyCount "112"]
[EventDate "2010.11.??"]
[EventCountry "USA"]
[Source "MonRoi"]

1. e4 c5 2. Nf3 e6 3. d4 cxd4 4. Nxd4 Nf6 5. Bd3 Nc6 6. Nxc6 bxc6 7. O-O d5 8.
exd5 cxd5 9. b3 Bd6 10. Bb2 Qc7 11. h3 Be5 12. Bxe5 Qxe5 13. Nd2 O-O 14. Re1
Qf4 15. Nf3 Bb7 16. Qc1 Qxc1 17. Raxc1 Rac8 18. Nd4 Rfd8 19. Rcd1 Rd7 20. a4 a5
21. f3 Nh5 22. Rb1 Nf4 23. Bb5 Rdc7 24. b4 axb4 25. Rxb4 Ng6 26. Bd3 Ne7 27.
Reb1 Ba8 28. Ba6 Rf8 29. Rb8 Nc6 30. Nxc6 Bxc6 31. a5 Ra7 32. R1b6 Rc7 33. Bd3
g6 34. a6 Rxb8 35. Rxb8+ Kg7 36. Kf2 e5 37. Ke3 f5 38. Kd2 d4 39. Bb5 Bd5 40.
Rd8 Be6 41. Rb8 Bd5 42. Rd8 Be6 43. Bc6 Rxc6 44. a7 Ra6 45. a8=Q Rxa8 46. Rxa8
Bc4 47. Ra7+ Kf6 48. Rxh7 f4 49. Ke1 g5 50. Rc7 Be6 51. Kd2 Bf5 52. Ke2 Ke6 53.
Rg7 Kf6 54. Rc7 Ke6 55. Rc8 Kf7 56. Rc6 Ke7 1/2-1/2

[Event "National Chess Cong."]
[Site "Philadelphia"]
[Date "2010.11.26"]
[Round "1"]
[White "Krause, Benjamin"]
[Black "Sarkar, Justin"]
[Result "0-1"]
[WhiteElo "2183"]
[BlackElo "2456"]
[PlyCount "66"]
[EventDate "2010.11.??"]
[EventCountry "USA"]
[Source "MonRoi"]

1. e4 c6 2. Nc3 d5 3. Nf3 Bg4 4. h3 Bxf3 5. Qxf3 e6 6. d3 Bb4 7. Bd2 d4 8. Nb1
Qb6 9. Be2 Nf6 10. O-O Bxd2 11. Nxd2 O-O 12. Nc4 Qc5 13. Rac1 Nbd7 14. Qg3 e5
15. Bg4 b5 16. Nd2 Qd6 17. Bxd7 Nxd7 18. Nf3 Rfe8 19. Nh4 Qb4 20. f4 exf4 21.
Rxf4 Re6 22. Nf5 Rg6 23. Qf2 Re8 24. Nxd4 Qxb2 25. Rf1 c5 26. Nf5 Qxa2 27. Nh4
Rc6 28. Nf5 Ne5 29. h4 h5 30. Nxg7 Kxg7 31. Rf6 Rxf6 32. Qxf6+ Kg8 33. Rf5 Qa1+
0-1

[Event "National Chess Cong."]
[Site "Philadelphia"]
[Date "2010.11.26"]
[Round "1"]
[White "Bonin, Jay"]
[Black "Battey, Alexander"]
[Result "1/2-1/2"]
[WhiteElo "2394"]
[BlackElo "2177"]
[PlyCount "45"]
[EventDate "2010.11.??"]
[EventCountry "USA"]
[Source "MonRoi"]

1. d4 Nf6 2. Nf3 e6 3. c4 b6 4. g3 Ba6 5. Nbd2 c5 6. Bg2 Bb7 7. e4 cxd4 8. Nxd4
d6 9. O-O a6 10. Re1 Qc7 11. b3 Nbd7 12. Bb2 Nc5 13. Qe2 Be7 14. Rac1 O-O 15.
b4 Ncd7 16. f4 g6 17. e5 dxe5 18. fxe5 Nh5 19. a3 Bxg2 20. Kxg2 Qb7+ 21. Qf3
Qxf3+ 22. N2xf3 Rfc8 23. Red1 1/2-1/2

[Event "National Chess Cong."]
[Site "Philadelphia"]
[Date "2010.11.26"]
[Round "1"]
[White "Xue, Dyland"]
[Black "Kaufman, Raymond"]
[Result "0-1"]
[WhiteElo "2167"]
[BlackElo "2384"]
[PlyCount "62"]
[EventDate "2010.11.??"]
[EventCountry "USA"]
[Source "MonRoi"]

1. e4 c5 2. Nf3 d6 3. d4 cxd4 4. Nxd4 Nf6 5. Nc3 Nc6 6. Be2 e5 7. Nf3 h6 8. h3
Be7 9. O-O Be6 10. Re1 d5 11. exd5 Nxd5 12. Bb5 Nxc3 13. Qxd8+ Rxd8 14. bxc3 f6
15. Nd4 Bd7 16. Nxc6 Bxc6 17. Bxc6+ bxc6 18. Be3 Rd7 19. Red1 Rc7 20. Rab1 Kf7
21. f4 Ke6 22. g4 h5 23. Kg2 g6 24. c4 e4 25. f5+ gxf5 26. Bf4 Rcc8 27. gxh5
Rxh5 28. Rb7 Rg8+ 29. Kh2 Rg4 30. Rdd7 Bc5 31. Bb8 Bg1+ 0-1

[Event "National Chess Cong."]
[Site "Philadelphia"]
[Date "2010.11.26"]
[Round "2"]
[White "Markzon, Gregory"]
[Black "Kacheishvili, Giorgi"]
[Result "0-1"]
[WhiteElo "2298"]
[BlackElo "2603"]
[PlyCount "36"]
[EventDate "2010.11.??"]
[EventCountry "USA"]
[Source "MonRoi"]

1. d4 Nf6 2. c4 e6 3. Nc3 Bb4 4. a3 Bxc3+ 5. bxc3 Nc6 6. f3 b6 7. e4 Ba6 8. Bg5
h6 9. Bh4 Na5 10. e5 g5 11. Bf2 Nh5 12. Qa4 f5 13. O-O-O Qe7 14. h4 O-O-O 15.
Kc2 g4 16. d5 exd5 17. Rxd5 Bb7 18. Bd4 Ng3 0-1

[Event "National Chess Cong."]
[Site "Philadelphia"]
[Date "2010.11.26"]
[Round "2"]
[White "Kudrin, Sergey"]
[Black "Ostrovskiy, Aleksandr"]
[Result "1-0"]
[WhiteElo "2578"]
[BlackElo "2317"]
[PlyCount "79"]
[EventDate "2010.11.??"]
[EventCountry "USA"]
[Source "MonRoi"]

1. e4 c6 2. Nc3 d5 3. Nf3 Bg4 4. h3 Bxf3 5. Qxf3 e6 6. g3 Nf6 7. Bg2 dxe4 8.
Qe2 Nbd7 9. O-O Be7 10. Nxe4 Nxe4 11. Qxe4 O-O 12. d4 Nf6 13. Qd3 Qb6 14. c3
Rfd8 15. Qe2 a5 16. Rb1 Nd5 17. Bd2 Bf6 18. Rfd1 Rd7 19. Be1 Rad8 20. h4 c5 21.
dxc5 Qxc5 22. a4 g6 23. Qf3 Bg7 24. Bf1 b6 25. h5 f5 26. Qe2 e5 27. b4 Qc6 28.
bxa5 bxa5 29. Qb5 Qxb5 30. Bxb5 Rd6 31. c4 Nb4 32. Rxd6 Rxd6 33. c5 Rd8 34. c6
Bf8 35. hxg6 hxg6 36. c7 Rc8 37. Rc1 Bd6 38. Bxb4 axb4 39. Rc6 Bxc7 40. Ba6 1-0

[Event "National Chess Cong."]
[Site "Philadelphia"]
[Date "2010.11.26"]
[Round "2"]
[White "Sarkar, Justin"]
[Black "Mabe, Chris"]
[Result "1/2-1/2"]
[WhiteElo "2456"]
[BlackElo "2267"]
[PlyCount "133"]
[EventDate "2010.11.??"]
[EventCountry "USA"]
[Source "MonRoi"]

1. d4 d5 2. c4 c6 3. Nf3 Nf6 4. Nc3 dxc4 5. a4 Bf5 6. Ne5 Nbd7 7. Nxc4 Nb6 8.
Ne5 a5 9. f3 Nfd7 10. Nxd7 Nxd7 11. e4 Bg6 12. Be2 e6 13. O-O Bb4 14. Be3 O-O
15. Qb3 Qb6 16. Bf2 Rfe8 17. Bc4 Qc7 18. Ne2 e5 19. Rad1 Rad8 20. Ng3 exd4 21.
Bxd4 Nc5 22. Qe3 Qe7 23. f4 Bxe4 24. Nh5 Bg6 25. Qf3 Ne4 26. Nxg7 Rxd4 27. Nxe8
Rxd1 28. Qxd1 Qc5+ 29. Kh1 Qxc4 30. f5 Bh5 31. g4 Kf8 32. Nc7 Bd6 33. Ne6+ Ke7
34. gxh5 fxe6 35. fxe6 Qxe6 36. Qf3 Nf6 37. Rf2 Qd5 38. h6 b5 39. axb5 cxb5 40.
Qxd5 Nxd5 41. Kg2 Bf4 42. b3 Be5 43. Ra2 Bc7 44. Kf3 Nc3 45. Rg2 Be5 46. Rg8 a4
47. bxa4 bxa4 48. Ra8 Kf6 49. h3 Kg6 50. Ra6+ Bf6 51. Ke3 Nd1+ 52. Ke2 Nb2 53.
Kd2 Nc4+ 54. Kd3 Ne5+ 55. Ke2 Nf7 56. Rxa4 Nxh6 57. Kf3 Nf7 58. Kg2 h5 59. Ra5
Be5 60. Ra7 Ng5 61. Ra6+ Bf6 62. Rb6 Kf5 63. Ra6 Ne4 64. Rb6 Nc3 65. Ra6 Ne2
66. Kf3 Nf4 67. Rxf6+ 1/2-1/2

[Event "National Chess Cong."]
[Site "Philadelphia"]
[Date "2010.11.26"]
[Round "2"]
[White "Figler, Ilya"]
[Black "Vilenchuk, Michael"]
[Result "1-0"]
[WhiteElo "2375"]
[BlackElo "2212"]
[PlyCount "81"]
[EventDate "2010.11.??"]
[EventCountry "USA"]
[Source "MonRoi"]

1. Nf3 c5 2. g3 Nf6 3. Bg2 d5 4. c4 Nc6 5. cxd5 Nxd5 6. Nc3 e5 7. Nxe5 Nxc3 8.
Nxc6 Nxd1 9. Nxd8 Nxf2 10. Nxf7 Nd3+ 11. exd3 Kxf7 12. O-O+ Kg6 13. Be4+ Kh5
14. b3 Bh3 15. Rf4 g5 16. Rf7 c4 17. Bb2 Bc5+ 18. d4 Bb4 19. bxc4 Bxd2 20. Kf2
Rae8 21. Ke2 Rxe4+ 22. Kxd2 Rhe8 23. Rxh7+ Kg6 24. Rxh3 Re2+ 25. Kc3 R8e3+ 26.
Kb4 Rxb2+ 27. Kc5 Rd3 28. Re1 Rxa2 29. Re6+ Kf5 30. g4+ Kxe6 31. Rxd3 Rxh2 32.
Ra3 a6 33. Kb6 Rb2+ 34. Kc7 Rc2 35. Re3+ Kf6 36. c5 b5 37. Kb6 Rc4 38. d5 b4
39. d6 Rc3 40. Rxc3 bxc3 41. d7 1-0

[Event "National Chess Cong."]
[Site "Philadelphia"]
[Date "2010.11.26"]
[Round "2"]
[White "Zenyuk, Iryna"]
[Black "Smarty, Sylvester"]
[Result "1-0"]
[WhiteElo "2347"]
[BlackElo "2163"]
[PlyCount "195"]
[EventDate "2010.11.??"]
[EventCountry "USA"]
[Source "MonRoi"]

1. d4 Nf6 2. c4 e5 3. dxe5 Ng4 4. Bf4 Nc6 5. Nf3 Bb4+ 6. Nbd2 Qe7 7. e3 Ngxe5
8. Nxe5 Nxe5 9. a3 Bxd2+ 10. Qxd2 d6 11. Be2 Bf5 12. O-O O-O-O 13. Rac1 Kb8 14.
Bg3 h5 15. f3 f6 16. e4 Bc8 17. Qe3 g5 18. Bf2 b6 19. b4 h4 20. h3 Ng6 21. Rfd1
Nf4 22. Bf1 Rhe8 23. c5 dxc5 24. Rxd8 Rxd8 25. bxc5 Qe5 26. a4 Ne6 27. Rb1 Bb7
28. Qa3 Rd2 29. cxb6 axb6 30. a5 Qxa5 31. Qxa5 bxa5 32. Be1 Rd6 33. Bxa5 Kc8
34. Bc3 Nd4 35. Kf2 c5 36. Ra1 Kc7 37. Bc4 Nc6 38. Ke3 Ne5 39. Be2 Kc6 40. Rb1
Kc7 41. Ba5+ Kc8 42. Rc1 Nd7 43. Bb4 Rc6 44. Ba3 Kc7 45. Rc3 Kd6 46. Bb5 Rc7
47. Bxd7 Kxd7 48. Bxc5 Ke6 49. Rc2 Rc6 50. Kd4 Ra6 51. Rb2 Bc6 52. Bb4 Bd7 53.
Rd2 Rc6 54. Ke3 Ra6 55. f4 gxf4+ 56. Kxf4 Bb5 57. Bc5 Ra1 58. Rd6+ Kf7 59. Bf2
Ra2 60. Bxh4 Rxg2 61. Rxf6+ Kg7 62. Rb6 Be8 63. e5 Rh2 64. Bf6+ Kf7 65. Rb7+
Kf8 66. h4 Bc6 67. Ra7 Bd5 68. Ke3 Be6 69. Re7 Ba2 70. e6 Rh1 71. Kf2 Rh2+ 72.
Kf3 Rh1 73. Ke2 Rh2+ 74. Kd3 Bb1+ 75. Kd4 Re2 76. Kd5 Ba2+ 77. Kd6 Rd2+ 78. Kc7
Bxe6 79. Rxe6 Kf7 80. Rc6 Rd1 81. Bg5 Rh1 82. Kd7 Kg7 83. Ke7 Rh3 84. Rf6 Rh2
85. Rf7+ Kg6 86. Kf8 Rb2 87. Rf6+ Kh5 88. Rh6+ Kg4 89. Kf7 Rf2+ 90. Rf6 Rh2 91.
Kg6 Rh3 92. Rf4+ Kg3 93. h5 Rh2 94. h6 Rh1 95. h7 Rh2 96. Rh4 Rxh4 97. Bxh4+
Kxh4 98. h8=Q+ 1-0

[Event "National Chess Cong."]
[Site "Philadelphia"]
[Date "2010.11.26"]
[Round "2"]
[White "Palakollu, Samritha"]
[Black "Works, Jerome"]
[Result "1-0"]
[WhiteElo "1695"]
[BlackElo "1774"]
[PlyCount "49"]
[EventDate "2010.11.??"]
[EventCountry "USA"]
[Source "MonRoi"]

1. e4 e6 2. d4 d5 3. exd5 exd5 4. Bd3 Bd6 5. Ne2 Ne7 6. O-O O-O 7. c3 Bf5 8.
Bf4 c6 9. Qc2 Bxd3 10. Qxd3 Qc7 11. Qg3 Bxf4 12. Nxf4 Nd7 13. Ng6 Qxg3 14.
Nxe7+ Kh8 15. fxg3 g6 16. Nd2 Rae8 17. Rae1 f5 18. Re6 Kg7 19. Rfe1 Nf6 20.
R1e5 Kf7 21. h3 Ng8 22. Nf3 h6 23. Nxg6 Rxe6 24. Rxe6 Rd8 25. Nf4 1-0

[Event "National Chess Cong."]
[Site "Philadelphia"]
[Date "2010.11.27"]
[Round "3"]
[White "Ravichandran, S."]
[Black "Lenderman, Alex"]
[Result "1/2-1/2"]
[WhiteElo "2511"]
[BlackElo "2640"]
[PlyCount "104"]
[EventDate "2010.11.??"]
[EventCountry "USA"]
[Source "MonRoi"]

1. e4 c6 2. d4 d5 3. Nc3 dxe4 4. Nxe4 Bf5 5. Ng3 Bg6 6. Bc4 Nf6 7. N1e2 e6 8.
O-O Nbd7 9. f4 Bd6 10. Bb3 O-O 11. c4 Re8 12. Nc3 Qc7 13. Qf3 Rad8 14. Be3 a6
15. c5 Bf8 16. Bc4 h5 17. Rae1 Ng4 18. Nge4 b6 19. b4 a5 20. a3 axb4 21. axb4
bxc5 22. bxc5 Qa5 23. h3 Nxe3 24. Qxe3 Qb4 25. Qe2 Be7 26. Ra1 Qb8 27. Rab1 Qc7
28. Rbd1 Nf6 29. Qf3 h4 30. Nf2 Bh5 31. Ng4 Bxg4 32. hxg4 Rxd4 33. Rxd4 Bxc5
34. Ne2 Bxd4+ 35. Nxd4 Qb6 36. Rd1 Rd8 37. Qb3 Qc5 38. Qd3 Nxg4 39. Bb3 Qb4 40.
Bc2 g6 41. Qf3 Rxd4 42. Qxg4 Rxf4 43. Qg5 Rd4 44. Rb1 Qd6 45. Bxg6 Rd1+ 46. Kf2
Qd2+ 47. Qxd2 Rxd2+ 48. Ke3 Rxg2 49. Be4 Rg3+ 50. Kf4 Rc3 51. Ke5 Rc4 52. Bd3
Rg4 1/2-1/2

[Event "National Chess Cong."]
[Site "Philadelphia"]
[Date "2010.11.27"]
[Round "3"]
[White "Kacheishvili, Giorgi"]
[Black "Esserman, Mark"]
[Result "1-0"]
[WhiteElo "2603"]
[BlackElo "2515"]
[PlyCount "59"]
[EventDate "2010.11.??"]
[EventCountry "USA"]
[Source "MonRoi"]

1. d4 Nf6 2. c4 g6 3. Nc3 d5 4. Bg5 Ne4 5. Bf4 Nxc3 6. bxc3 Bg7 7. e3 c5 8. Nf3
Nc6 9. cxd5 Qxd5 10. Be2 O-O 11. O-O Re8 12. h3 Bf5 13. Qa4 Bd7 14. Qa3 cxd4
15. cxd4 Rac8 16. Rfc1 Qa5 17. Qxa5 Nxa5 18. Rc7 Rxc7 19. Bxc7 b6 20. Rc1 Bc6
21. Ba6 f6 22. Nd2 Bd5 23. Rc2 e6 24. f3 Bb7 25. Bb5 Ra8 26. Ne4 Bd5 27. Nd6
Bf8 28. e4 Bxd6 29. Bxd6 Bb7 30. Bd7 1-0

[Event "National Chess Cong."]
[Site "Philadelphia"]
[Date "2010.11.27"]
[Round "3"]
[White "Battey, Alexander"]
[Black "Sarkar, Justin"]
[Result "0-1"]
[WhiteElo "2177"]
[BlackElo "2456"]
[PlyCount "138"]
[EventDate "2010.11.??"]
[EventCountry "USA"]
[Source "MonRoi"]

1. e4 c6 2. Ne2 d5 3. e5 h5 4. Nf4 h4 5. e6 Bxe6 6. Nxe6 fxe6 7. d4 Qd6 8. c4
Nd7 9. Nc3 Ngf6 10. c5 Qc7 11. f4 b6 12. cxb6 axb6 13. Bd3 Kf7 14. O-O g6 15.
Be3 Bg7 16. Rc1 Nf8 17. Qf3 Ne8 18. a3 Nd6 19. Na2 Nd7 20. Nb4 c5 21. Na6 Rxa6
22. Bxa6 c4 23. a4 Qa7 24. Bb5 Nxb5 25. axb5 Qa4 26. g4 hxg3 27. hxg3 Qxb5 28.
g4 Qxb2 29. Rf2 Qb5 30. f5 gxf5 31. gxf5 exf5 32. Qxf5+ Bf6 33. Rg2 e6 34. Qg6+
Ke7 35. Rf1 Qb3 36. Bg5 Rf8 37. Rxf6 Nxf6 38. Qg7+ Ke8 39. Qg6+ Ke7 40. Qg7+
Ke8 41. Bxf6 Qd1+ 42. Kh2 Qh5+ 43. Kg3 Qf7 44. Qxf7+ Rxf7 45. Be5 Kd7 46. Rb2
Kc6 47. Bf4 b5 48. Bd2 Rf1 49. Kg2 Ra1 50. Bb4 Rd1 51. Bd2 b4 52. Bxb4 Rxd4 53.
Kf2 Rh4 54. Kg3 Rd4 55. Kf2 Rd3 56. Re2 Kb5 57. Be1 d4 58. Re5+ Ka4 59. Ke2 Kb3
60. Bf2 Kc2 61. Re4 e5 62. Rxe5 Rd2+ 63. Ke1 Rd1+ 64. Ke2 d3+ 65. Ke3 d2 66.
Rc5 Re1+ 67. Bxe1 dxe1=Q+ 68. Kd4 Qc3+ 69. Kd5 Kd3 0-1

[Event "National Chess Cong."]
[Site "Philadelphia"]
[Date "2010.11.27"]
[Round "3"]
[White "Mabe, Chris"]
[Black "Zenyuk, Iryna"]
[Result "0-1"]
[WhiteElo "2267"]
[BlackElo "2347"]
[PlyCount "82"]
[EventDate "2010.11.??"]
[EventCountry "USA"]
[Source "MonRoi"]

1. e4 c5 2. Nf3 d6 3. d4 cxd4 4. Nxd4 Nf6 5. Nc3 g6 6. g3 Nc6 7. Nde2 b6 8. Bg2
Ba6 9. O-O Rc8 10. Re1 Bg7 11. Nd5 O-O 12. Ne3 Nd7 13. Rb1 b5 14. c3 Nce5 15.
f4 Nc4 16. b3 Nxe3 17. Bxe3 Bb7 18. Rc1 Nc5 19. Qc2 f5 20. exf5 Bxg2 21. Kxg2
gxf5 22. Nd4 Qd7 23. Qe2 a6 24. c4 e5 25. Nf3 e4 26. Nd4 Nd3 27. Red1 Nxc1 28.
Rxc1 bxc4 29. Rxc4 d5 30. Ra4 Rc3 31. Rxa6 Rfc8 32. Kh3 Qf7 33. Bg1 e3 34. Ne6
Bf6 35. g4 fxg4+ 36. Kg3 Qh5 37. Qxg4+ Qxg4+ 38. Kxg4 R3c6 39. Rxc6 Rxc6 40.
Kf5 e2 41. Bf2 Bc3 0-1

[Event "National Chess Cong."]
[Site "Philadelphia"]
[Date "2010.11.27"]
[Round "3"]
[White "Smith, Bryan G"]
[Black "Kats, Alena"]
[Result "1-0"]
[WhiteElo "2546"]
[BlackElo "2200"]
[PlyCount "98"]
[EventDate "2010.11.??"]
[EventCountry "USA"]
[Source "MonRoi"]

1. e4 c5 2. Nf3 d6 3. d4 cxd4 4. Nxd4 Nf6 5. Nc3 a6 6. Bg5 e6 7. f4 Nbd7 8. Qe2
Qc7 9. O-O-O Be7 10. Nf3 e5 11. g4 Nb6 12. f5 Bd7 13. Be3 Na4 14. Bd2 Nxc3 15.
Bxc3 Bc6 16. Nd2 b5 17. Bg2 a5 18. b3 Nd7 19. Kb1 O-O 20. h4 Rfc8 21. Ba1 b4
22. Nf1 Bb5 23. Qf2 a4 24. Ne3 axb3 25. cxb3 Qa7 26. g5 Nc5 27. f6 Bd3+ 28.
Rxd3 Nxd3 29. Qd2 Bf8 30. Nd5 Rc6 31. h5 Qf2 32. Qxf2 Nxf2 33. Nxb4 Nxh1 34.
Nxc6 Ng3 35. fxg7 Bxg7 36. h6 Bf8 37. b4 Rc8 38. b5 f6 39. Bh3 Rc7 40. Be6+ Kh8
41. Bd5 Ne2 42. Bb2 Nf4 43. Bc4 Ng6 44. gxf6 Bxh6 45. a4 Be3 46. Ba3 Bc5 47.
Bxc5 dxc5 48. a5 Nf8 49. Nxe5 h5 1-0

[Event "National Chess Cong."]
[Site "Philadelphia"]
[Date "2010.11.27"]
[Round "3"]
[White "Ostrovskiy, Aleksandr"]
[Black "Xue, Dyland"]
[Result "1-0"]
[WhiteElo "2317"]
[BlackElo "2167"]
[PlyCount "78"]
[EventDate "2010.11.??"]
[EventCountry "USA"]
[Source "MonRoi"]

1. e4 c5 2. Nf3 d6 3. d4 cxd4 4. Nxd4 Nf6 5. Nc3 g6 6. Be3 Bg7 7. f3 O-O 8. Qd2
Nc6 9. O-O-O d5 10. Kb1 Nxd4 11. e5 Nf5 12. exf6 Bxf6 13. Nxd5 Qxd5 14. Qxd5
Nxe3 15. Qd3 Nxd1 16. Qxd1 Be6 17. Bb5 Rfd8 18. Qe2 Rd6 19. f4 Rad8 20. Bd3 Rb6
21. b3 a5 22. Rd1 a4 23. Be4 Ra8 24. Qf3 Rb4 25. f5 axb3 26. cxb3 Rxe4 27. fxe6
Rxe6 28. Qxb7 Raa6 29. a4 Kg7 30. Ka2 Rac6 31. a5 Rc2+ 32. Ka3 Bb2+ 33. Ka4 Bc3
34. a6 Ra2+ 35. Kb5 Ra3 36. Kc4 Be5 37. Re1 Kf6 38. a7 Rea6 39. Qf3+ Ke6 1-0

[Event "National Chess Cong."]
[Site "Philadelphia"]
[Date "2010.11.27"]
[Round "3"]
[White "Turcotte, Jonathan"]
[Black "Gershenov, Ben"]
[Result "0-1"]
[WhiteElo "2303"]
[BlackElo "2153"]
[PlyCount "24"]
[EventDate "2010.11.??"]
[EventCountry "USA"]
[Source "MonRoi"]

1. d4 Nf6 2. c4 e6 3. Nf3 d5 4. Nc3 dxc4 5. e3 a6 6. a4 c5 7. Bxc4 Qc7 8. Qe2
Nc6 9. O-O Bd6 10. dxc5 Bxc5 11. e4 Ng4 12. h3 Nd4 0-1

[Event "National Chess Cong."]
[Site "Philadelphia"]
[Date "2010.11.27"]
[Round "3"]
[White "Bodek, Michael"]
[Black "Miller, Jake"]
[Result "0-1"]
[WhiteElo "2233"]
[BlackElo "2073"]
[PlyCount "22"]
[EventDate "2010.11.??"]
[EventCountry "USA"]
[Source "MonRoi"]

1. e4 c5 2. Nf3 Nc6 3. c3 e5 4. Bc4 Nf6 5. Ng5 d5 6. exd5 Nxd5 7. Qh5 g6 8. Qf3
Qxg5 9. Bxd5 Nd8 10. d4 Qxc1+ 11. Ke2 Qxh1 0-1

[Event "National Chess Cong."]
[Site "Philadelphia"]
[Date "2010.11.27"]
[Round "3"]
[White "Vilenchuk, Michael"]
[Black "Sakai, Hibiki"]
[Result "1-0"]
[WhiteElo "2212"]
[BlackElo "2035"]
[PlyCount "97"]
[EventDate "2010.11.??"]
[EventCountry "USA"]
[Source "MonRoi"]

1. e4 c5 2. Nf3 d6 3. d4 cxd4 4. Nxd4 Nf6 5. Nc3 a6 6. Be2 e5 7. Nb3 Be7 8. Be3
Be6 9. Nd5 Nxd5 10. exd5 Bf5 11. O-O O-O 12. c4 Nd7 13. Qd2 Nf6 14. f3 Qd7 15.
a4 Rfc8 16. a5 Bg6 17. Rac1 Qa4 18. Na1 Ne8 19. Bd1 Qd7 20. b4 f5 21. f4 Nf6
22. Qa2 Kh8 23. Ba4 Qd8 24. Bb6 Qg8 25. Rfe1 Ne4 26. Be3 Bf6 27. fxe5 Bxe5 28.
Bd7 Rcb8 29. g3 Qd8 30. Be6 Bc3 31. Rxc3 Nxc3 32. Qb2 Ne4 33. Nb3 Qe7 34. Bf4
Re8 35. Re3 Rad8 36. h4 Qf6 37. Nd4 h6 38. Qa1 Rxe6 39. dxe6 Bh5 40. Re1 g5 41.
Bc1 Rc8 42. hxg5 hxg5 43. Bb2 Kh7 44. Qa4 Rg8 45. Qd7+ Kh6 46. e7 Bg6 47. Kg2
Kh5 48. Rxe4 fxe4 49. Qh3# 1-0

[Event "National Chess Cong."]
[Site "Philadelphia"]
[Date "2010.11.27"]
[Round "3"]
[White "Richman, Jonathan"]
[Black "Treger, Yefim"]
[Result "0-1"]
[WhiteElo "1880"]
[BlackElo "2251"]
[PlyCount "46"]
[EventDate "2010.11.??"]
[EventCountry "USA"]
[Source "MonRoi"]

1. d4 d5 2. c4 e5 3. dxe5 d4 4. Nf3 Nc6 5. a3 Bg4 6. Nbd2 Qe7 7. b4 O-O-O 8.
Bb2 Bxf3 9. Nxf3 Nxe5 10. Bxd4 Nxf3+ 11. gxf3 Qh4 12. e3 c5 13. bxc5 Bxc5 14.
Bxc5 Rxd1+ 15. Rxd1 Nf6 16. Bxa7 Qh5 17. Ke2 Ne4 18. Bd4 Ng5 19. Bg2 Re8 20.
Bxg7 Ne6 21. Bd4 Nf4+ 22. Kf1 Nxg2 23. Kxg2 Rg8+ 0-1

[Event "National Chess Cong."]
[Site "Philadelphia"]
[Date "2010.11.27"]
[Round "3"]
[White "Williams, Justus"]
[Black "Lerner, Solomon"]
[Result "1-0"]
[WhiteElo "2208"]
[BlackElo "2011"]
[PlyCount "85"]
[EventDate "2010.11.??"]
[EventCountry "USA"]
[Source "MonRoi"]

1. Nf3 b6 2. g3 Bb7 3. Bg2 Nf6 4. O-O e6 5. d3 d5 6. c3 Be7 7. Qc2 c5 8. Nbd2
Nc6 9. e4 d4 10. e5 Nd5 11. c4 Ndb4 12. Qb1 Qc7 13. Re1 g5 14. h3 h5 15. Nf1 g4
16. hxg4 hxg4 17. N3h2 Rg8 18. a3 Na6 19. Bf4 O-O-O 20. Qd1 Bg5 21. Bxg5 Rxg5
22. Nxg4 Nxe5 23. Bxb7+ Kxb7 24. Nxe5 Rxe5 25. Qf3+ Kc8 26. Rxe5 Qxe5 27. Qxf7
Rd7 28. Qf3 Rh7 29. Qg4 Rg7 30. Qh4 Rf7 31. Qg4 Qf6 32. Qe2 Rh7 33. Re1 Nc7 34.
Qe4 Qh6 35. Qg2 Rh8 36. b4 Qg6 37. Qf3 Kd7 38. bxc5 bxc5 39. Re5 Kd6 40. Qf4
Kd7 41. Rxc5 Rc8 42. Qxd4+ Ke7 43. Rc6 1-0

[Event "National Chess Cong."]
[Site "Philadelphia"]
[Date "2010.11.27"]
[Round "4"]
[White "Lapshun, Yury"]
[Black "Aleskerov, Faik"]
[Result "0-1"]
[WhiteElo "2544"]
[BlackElo "2421"]
[PlyCount "100"]
[EventDate "2010.11.??"]
[EventCountry "USA"]
[Source "MonRoi"]

1. e4 g6 2. d4 Bg7 3. c3 c5 4. dxc5 Qc7 5. Be3 Nf6 6. Nd2 O-O 7. h3 Na6 8. Bxa6
bxa6 9. Ne2 d6 10. cxd6 exd6 11. O-O Re8 12. Bd4 Nxe4 13. Nxe4 Rxe4 14. Bxg7
Kxg7 15. Nd4 Bb7 16. Qd2 Rae8 17. Rfe1 R4e5 18. Rad1 Qc4 19. b3 Qd5 20. f3 a5
21. Rxe5 Qxe5 22. Nc2 Bxf3 23. Re1 Be4 24. Qd4 Qxd4+ 25. Nxd4 f5 26. Nb5 d5 27.
Nxa7 Rb8 28. Rc1 a4 29. Nc6 Rb6 30. Nd4 axb3 31. axb3 Ra6 32. c4 Ra2 33. c5
Rxg2+ 34. Kf1 Rd2 35. Ne6+ Kf6 36. c6 Bd3+ 37. Kg1 Kxe6 38. c7 Ba6 39. Rc6+ Kd7
40. Rxa6 Rb2 41. Rc6 Kc8 42. Ra6 Kd7 43. Rf6 Kxc7 44. h4 d4 45. Kf1 Rxb3 46. h5
Rg3 47. Kf2 Rg5 48. h6 Rh5 49. Rf7+ Kd6 50. Rxh7 Ke6 0-1

[Event "National Chess Cong."]
[Site "Philadelphia"]
[Date "2010.11.27"]
[Round "4"]
[White "Defibaugh, Jared"]
[Black "Smith, Bryan G"]
[Result "1/2-1/2"]
[WhiteElo "2260"]
[BlackElo "2546"]
[PlyCount "62"]
[EventDate "2010.11.??"]
[EventCountry "USA"]
[Source "MonRoi"]

1. e4 c5 2. d4 cxd4 3. c3 g6 4. Nf3 Bg7 5. cxd4 d5 6. e5 Bg4 7. Be2 Nc6 8. Nc3
Nh6 9. Bxh6 Bxh6 10. Qb3 Bxf3 11. Bxf3 e6 12. Rd1 Qb6 13. O-O O-O 14. Qxb6 axb6
15. Be2 Rfc8 16. f4 Bf8 17. a3 Be7 18. g4 Na5 19. Rf3 Nc4 20. Bxc4 Rxc4 21. b3
Rc6 22. a4 Rac8 23. Nb5 Rc2 24. Rf2 Bb4 25. Rdf1 Bd2 26. Kh1 Be3 27. Rxc2 Rxc2
28. Rf3 Bd2 29. f5 Bg5 30. fxe6 fxe6 31. Rc3 Rxc3 1/2-1/2

[Event "National Chess Cong."]
[Site "Philadelphia"]
[Date "2010.11.27"]
[Round "4"]
[White "Prilleltensky, Matan"]
[Black "Bonin, Jay"]
[Result "0-1"]
[WhiteElo "2197"]
[BlackElo "2394"]
[PlyCount "72"]
[EventDate "2010.11.??"]
[EventCountry "USA"]
[Source "MonRoi"]

1. d4 Nf6 2. c4 d6 3. Nc3 e5 4. dxe5 dxe5 5. Qxd8+ Kxd8 6. Nf3 Nbd7 7. g3 h6 8.
Bg2 c6 9. O-O Kc7 10. Be3 Bb4 11. Rac1 Re8 12. Rfd1 Bxc3 13. Rxc3 Ng4 14. Bd2
Nc5 15. Rcc1 Bf5 16. Nh4 Bh7 17. Bb4 b6 18. Bxc5 bxc5 19. e3 e4 20. Bf1 Ne5 21.
Ng2 Nf3+ 22. Kh1 g5 23. Ne1 Rad8 24. Nc2 a5 25. Bh3 Ne5 26. Kg1 Nxc4 27. b3 Nb2
28. Rxd8 Rxd8 29. Kf1 Rd2 30. Ne1 Nd3 31. Nxd3 exd3 32. Rxc5 Rd1+ 33. Kg2 Be4+
34. f3 d2 35. fxe4 Rc1 36. Bg4 Rxc5 0-1

[Event "National Chess Cong."]
[Site "Philadelphia"]
[Date "2010.11.27"]
[Round "4"]
[White "Markzon, Gregory"]
[Black "Vilenchuk, Michael"]
[Result "1/2-1/2"]
[WhiteElo "2298"]
[BlackElo "2212"]
[PlyCount "58"]
[EventDate "2010.11.??"]
[EventCountry "USA"]
[Source "MonRoi"]

1. d4 d5 2. c4 e6 3. Nc3 Nf6 4. cxd5 exd5 5. Bg5 Be7 6. e3 O-O 7. Bd3 c6 8. Qc2
Nbd7 9. Nge2 h6 10. Bh4 Ne8 11. Bg3 Bd6 12. O-O Bxg3 13. Nxg3 Nd6 14. f3 Nb6
15. Rae1 f5 16. Kh1 Bd7 17. b3 Qh4 18. Nce2 Rae8 19. Nf4 Kh7 20. Qf2 Qg5 21.
Bb1 Re7 22. Nd3 Kg8 23. Ne5 Be8 24. Ne2 Nd7 25. Nxd7 Bxd7 26. Nf4 Rfe8 27. a4
Bc8 28. Nh3 Qf6 29. Nf4 Qg5 1/2-1/2

[Event "National Chess Cong."]
[Site "Philadelphia"]
[Date "2010.11.27"]
[Round "4"]
[White "Xin, Samuel"]
[Black "Williams, Justus"]
[Result "0-1"]
[WhiteElo "2063"]
[BlackElo "2208"]
[PlyCount "60"]
[EventDate "2010.11.??"]
[EventCountry "USA"]
[Source "MonRoi"]

1. e4 c5 2. Nc3 a6 3. Nge2 e6 4. d4 cxd4 5. Nxd4 Qc7 6. g3 Bb4 7. Nde2 Nf6 8.
Bg2 O-O 9. O-O Nc6 10. a3 Be7 11. Bf4 d6 12. Qd2 Ne5 13. b3 h6 14. h3 Rd8 15.
Be3 d5 16. exd5 exd5 17. Nf4 Be6 18. Kh1 Nc6 19. Nce2 Bf5 20. Bd4 Nxd4 21. Nxd4
Bh7 22. b4 Ne4 23. Qe3 Bg5 24. Rac1 Qe5 25. Nde2 d4 26. Qf3 Nd2 27. Qxb7 Nxf1
28. Rxf1 Rab8 29. Qxa6 Bxc2 30. Qc4 Rbc8 0-1